Who´s called that? F1 drivers - Statistics

General Stats
  • This quiz has been taken 53 times
  • The average score is 24 of 32
Answer Stats
Hint Answer % Correct
Albono Alexander Albon
92%
Mad / Super Max Max Verstappen
92%
Smooth Operator Carlos Sainz
89%
Danny Ric Daniel Ricciardo
89%
Last Lap Lando Lando Norris
89%
Hammy Lewis Hamilton
89%
Mexican Minister of Defence Sergio Perez
89%
Carlito Carlos Sainz
86%
Honey Badger Daniel Ricciardo
86%
Princess George George Russell
86%
K-Mag Kevin Magnussen
86%
Oscar Pastry Oscar Piastri
86%
Battery Voltas Valtteri Bottas
86%
Daniel Avocado Daniel Ricciardo
83%
The Flying Dutchman Max Verstappen
83%
The Hulk Nico Hulkenberg
83%
Yuki-San Yuki Tsunoda
83%
Oconsistency Esteban Ocon
81%
Dutch Lion Max Verstappen
81%
Nando Fernando Alonso
78%
The Viking Kevin Magnussen
75%
Sir Lancelot Lance Stroll
75%
Chili Carlos Sainz
72%
Estie Bestie Esteban Ocon
72%
Chuck LeChuck Charles Leclerc
69%
Gasman Pierre Gasly
69%
Lord Perceval Charles Leclerc
64%
El Plan Fernando Alonso
58%
Mr. Saturday George Russell
56%
Tyre Wisperer Sergio Perez
39%
Mr. Late Break Daniel Ricciardo
31%
Bob Lando Norris
22%
No matching quizzes found
Score Distribution
Percent of People with Each Score
Percentile by Number Answered
Your Score History
You have not taken this quiz